Word Scramble - Deities - Statistics

General Stats
  • This quiz has been taken 10,361 times
    8,822 since last reset
  • The average score is 15 of 26
Answer Stats
Religion Deity % Correct
Greek Zeus
95%
Greek Gaia
89%
Norse Loki
88%
Norse Odin
87%
Roman Venus
87%
Roman Cupid
84%
Hawaiian Pele
84%
Greek Apollo
78%
Hindu Vishnu
75%
Egyptian Osiris
73%
Greek Hermes
71%
Greek Poseidon
71%
Roman Diana
67%
Egyptian Anubis
58%
Roman Minerva
58%
Greek Cronus
50%
Hindu Krishna
48%
Zoroastrian Mazda
47%
Norse Baldur
32%
Celtic Brigid
30%
Norse Heimdall
29%
Canaanite Moloch
27%
Babylonian Marduk
18%
Zoroastrian Mithra
15%
Inuit Sedna
9%
Shinto Raiden
5%
No matching quizzes found
Score Distribution
Percent of People with Each Score
Percentile by Number Answered
Your Score History
You have not taken this quiz since the last reset